Kiến thức bách khoa trẻ em = The Golden Book Encyclopedia : t.III.

Saved in:
Bibliographic Details
Format: Book (Paper)
Language:English
Vietnamese
Published: Hà Nội : Giáo dục, 1997.
Tags: Add Tag
No Tags, Be the first to tag this record!
Institutions: Thư viện Trường Đại học Đà Lạt
LEADER 00594nam a2200241 4500
001 DLU020004207
005 ##19990601
040 # # |a DLU  |b vie 
041 # # |a eng  |a vie 
082 # # |a 039.959 22  |b Kie 
245 # # |a Kiến thức bách khoa trẻ em =  |b  The Golden Book Encyclopedia :  |b Eagles to Ink.  |n  t.III. 
260 # # |a Hà Nội :  |b Giáo dục,  |c 1997. 
300 # # |a 200 tr. ;  |c 21 cm. 
992 # # |a 35000 
994 # # |a DLU 
998 # # |a TK 
900 # # |a False 
911 # # |a Administrator 
925 # # |a G 
926 # # |a A 
927 # # |a SH 
980 # # |a Thư viện Trường Đại học Đà Lạt